00285nam a2200121Ia 4500008004100000100002000041245003400061260002600095300000800121650001000129942000700139999001700146190216s9999||||xx |||||||||||||| ||und|| aAnnamma Androos 0aManassilurangunna Smaragangal bPoorna Pubs Kozhikode a332 aNovel cBK c27519d27519